| 000 | 00695nam a22001337a 4500 | ||
|---|---|---|---|
| 040 | _cRUA | ||
| 082 | _aAGR PHA 2017 B644 Or.1 | ||
| 100 | _aPHANN CHENDA ផាន់ ចិន្តា | ||
| 245 | _apesticide utilization on dry season rice in boreichulsa district takeo province ការប្រើប្រាស់ថ្នាំកសិកម្មទៅលើដំណាំស្រូវប្រាំងនៅក្នុងស្រុកបូរីជលសារ ខេត្តតាកែវ | ||
| 260 |
_aRUA _bPhnom Penh _c2017 |
||
| 300 |
_ax;59p _bill; _c29cm |
||
| 856 | _uhttps://drive.google.com/file/d/1KrRrwKSl-QlEP2MWA7gnIfUp6tKQnCgy/view?usp=sharing | ||
| 942 | _cAGR | ||
| 999 |
_c18167 _d18167 |
||